| 000 | 00893cam a22002655a 4500 | ||
|---|---|---|---|
| 001 | 7298967 | ||
| 003 | OSt | ||
| 005 | 20151122113835.0 | ||
| 008 | 120304s2012 enka frb 001 0 eng d | ||
| 020 | _a9781444330243 | ||
| 040 |
_aNhCcYBP _cNhCcYBP _beng _dEG-ScBUE _dEG-ScBUE |
||
| 082 | 0 | 4 |
_a387.5 _bBLA _222 |
| 245 | 0 | 4 |
_aThe Blackwell companion to maritime economics / _cedited by Wayne K. Talley. |
| 260 |
_aWest Sussex ; _aMalden : _bWiley-Blackwell, _cc.2012. |
||
| 300 |
_axxvii, 735 p. ; _bill. ; _c25 cm. |
||
| 490 | 0 | _aBlackwell companions to contemporary economics | |
| 500 | _aIndex : p.717-735. | ||
| 504 | _aIncludes bibliographical references. | ||
| 650 | 0 |
_aShipping _xEconomic aspects. _2BUEsh |
|
| 650 | 0 |
_aMerchant marine. _2BUEsh _928390 |
|
| 651 | _2BUEsh | ||
| 653 |
_bBUSECO _cAugust2015 _cNovember2015 |
||
| 700 | 1 |
_aTalley, Wayne K., _eeditor. |
|
| 942 |
_2ddc _k387.5 BLA |
||
| 999 |
_c20734 _d20706 |
||